Strategic management : (Record no. 1591)

MARC details
000 -LEADER
fixed length control field 01441nam a2200229Ia 4500
020 ## - INTERNATIONAL STANDARD BOOK NUMBER
ISBN 9780071287838
020 ## - INTERNATIONAL STANDARD BOOK NUMBER
ISBN 0071287833
020 ## - INTERNATIONAL STANDARD BOOK NUMBER
ISBN 9780071312707
020 ## - INTERNATIONAL STANDARD BOOK NUMBER
ISBN 0071312706
050 00 - CALL NUMBER
Classification number HD30.28
Item number .D47
100 1# - AUTHOR
Personal name Dess, Gregory G.
245 10 - TITLE
Title Strategic management :
Remainder of title creating competitive advantages /
Statement of responsibility, etc Gregory G. Dess, G.T. Lumpkin, Alan B. Eisner.
250 ## - EDITION
Edition statement 4th ed.
260 ## - PUBLICATION INFORMATION
Place of publication Boston :
Name of publisher McGraw-Hill/Irwin,
Year of publication c2008.
300 ## - DESCRIPTION
Number of Pages 1 v. (various pagings) :
Other physical details col. ill. ;
Dimensions 26 cm.
500 ## - NOTES
General note Includes index
505 0# - FORMATTED CONTENTS NOTE
Table of Content Strategic management : creating competitive advantages -- Analyzing the external environment of the firm -- Assessing the internal environment of the firm -- Recognizing a firm's intellectual assets : moving beyond a firm's tangible resources -- Business-level strategy : creating and sustaining competitive advantages -- Corporate-level strategy : creating value through diversification -- International strategy : creating value in global markets -- Entrepreneurial strategy and competitive dynamics -- Strategic control and corporate governance -- Creating effective organizational designs -- Strategic leadership : creating a learning organization and an ethical organization -- Managing innovation and fostering corporate entrepreneurship -- Analyzing strategic management cases.
650 #0 - SUBJECTS
Topical Term Strategic planning.
700 1# - OTHER AUTHORS
Personal name Lumpkin, G. T.
700 1# - OTHER AUTHORS
Personal name Eisner, Alan B.
942 ## - ADDED ENTRY ELEMENTS (KOHA)
Koha item type Books
Holdings
Withdrawn status Lost status Collection code Home library Current library Shelving location Date acquired Full call number Accession Number Koha item type
    Reference Methodist University Library Main Methodist University Library Main General Stacks 10/01/2016 HD30.28 .D47 2295 Books
    Reference Methodist University Library Main Methodist University Library Main General Stacks 10/01/2010 HD30.28 .D47 30911 Books
    Reference Methodist University Library Main Methodist University Library Main General Stacks 10/01/2016 HD30.28 .D47 2374 Books
    Reference Methodist University Library Main Methodist University Library Main General Stacks 10/01/2013 HD30.28 .D47 37587 Books
Copyright © 2026  MUG Library